| 000 | 00740nam a22002537a 4500 | ||
|---|---|---|---|
| 003 | UA-OsUOA | ||
| 001 | 69271 | ||
| 007 | ta | ||
| 008 | 20100614b un ||||| |||| 00| 0 ukr d | ||
| 100 | _aВведенский Г.Е. | ||
| 700 | _aИсаев Н.А. | ||
| 090 |
_a340.61 _bВв |
||
| 942 | _cBK | ||
| 040 |
_aUA-OsUOA _brus _cUA-OsUOA _dUA-OsUOA |
||
| 245 |
_aСудебная психиатрия _bучеб. пос. |
||
| 300 | _a342 с. | ||
| 955 | _a2 | ||
| 041 | _arus | ||
| 080 | _a340.61 | ||
| 020 | _a5-9708-0017-1 | ||
| 260 |
_aОрел _bКартуш _c2005 |
||
| 650 | 7 |
_a340 Право в цілому. Пропедевтика. Методи та допоміжні правничі науки _2UDC |
|
| 999 |
_c355466 _d355466 |
||